000 00435nam a2200169Ia 4500
003 LK-CoDNM
008 010623t2002 xxu||||| |||| 00| 1 sin d
040 _aLK-CoDNM
_dLK-CoDNM
_eLK-CoDNM
041 _asin
080 _a398
_bWIJ
100 _aWijewardena,Parakrama S.
245 _aචීන උපමා කථා
246 _aCheena Upama Katha
260 _bMalpiyali
_aDankotiwa
_c2002
300 _b88p, 21 cm
942 _cBK
999 _c122000
_d122000